00631nam a2200181Ia 4500003000900000008004100009020001800050040001600068080001500084100002300099245010600122260003600228300001500264650002600279942000700305999001700312952012000329IN-BaIIA211028s9999 xx 000 0 eng d a0-13-724709-5 cIIA Library a537.8bULA aUlaby, F. T923026 0aFundamentals of applied electromagneticscF. T. Ulaby  aNew JerseybPrentice-Hallc1997 axvi, 407p. aElectromagnetism9540 cBK c13076d13076 00104070aBANbBANcGENd1999-07-12g702.00l0o537.8/ ULAp13993r2021-11-05v702.00w1999-07-12yBKGRs. 702.00